Statistics for Countries That Border Afghanistan

Click here to take the quiz!

General Stats

  • This quiz has been taken 20 times
  • The average score is 6 of 6

Answer Stats

Country% Correct
Iran
100%
Pakistan
100%
Uzbekistan
100%
Turkmenistan
94%
China
89%
Tajikistan
89%

Score Distribution

Percentile by Number Answered

Percent of People with Each Score

Your Score History

You have not taken this quiz